LEADER 02935nab a2200385 i 4500 001 000000282931 003 CaOOAMICUS 005 20141126000000.0 008 141126n xx uu u0 0und r 013 $a35867 040 $aSeMil$bita 245 10$a[GENNAIO 2001]. - 32 p. 500 $aGENNAIO 2001. 773 0 $t[2001-2002].$dMilano : ITL, 2001-2002.$w()236198 774 0 $tDi nuovo. - In [rubrica].$w()323612 774 0 $tAppuntamento con la storia. Nella solennità del proprio Patrono il Seminario presente a Roma per la celebrazione del Giubileo ambrosiano. - in [rubrica].$w()323613 774 0 $tTra speranza e martirio. Testimonianza di santa Maria della Pace, francescana missionaria di Maria. - In [rubrica].$w()323614 774 0 $tDesiderare l'unità. Nel novembre 2000 l'équipe di animazione ecumenica ha consegnato all'Arcivescovo, in visita a Venegono alcune domande... - In [rubrica] . Unità dei cristiani.$w()323615 774 0 $t«Ecco, il Signore passò» Scuola della Parola in Seminario. Sperimentazione di un metodo e collaborazione con la pastorale ordinaria... - In [rubrica].$w()323616 774 0 $t«Ecco, il Signore passò». Scuola della Parola in Seminario. La Parola si è fatta carne. - In [rubrica].$w()323617 774 0 $tPropedeutica-Seminario minore. Eho, Tieo, che Giubileo... Una grazia da accogliere. Una grazia da rendere. - In [rubrica].$w()323618 774 0 $tBiennio Teologico. Futuro antico. Metti una serata tra amici. Un dono per noi. - In [rubrica].$w()323619 774 0 $tQuadriennio Teologico. Sentinelle del mattino. - In [rubrica].$w()323620 774 0 $tItinerari giovanili di ricerca vocazionale. I sabati di Quaresima per il discernimento vocazionale. "Un coraggioso salto di qualità". - In [rubrica].$w()323621 774 0 $tQuadriennio Teologico. Un inizio promettente. - In [rubrica].$w()323622 774 0 $tLettera aperta, alla generosità. - In [rubrica].$w()323623 774 0 $tGiornate parrocchiali per il Seminario. La preghiera più preziosa. Un seminarista tira l'altro... Calendario associativo. - In [rubrica].$w()323624 774 0 $tSignore ti dia la pace. - In [rubrica].$w()323625 774 0 $tMi metterò di sentinella... Novanta adolescenti e giovani hanno partecipato al tradizionale ritiro di Avvento per i Giovani Amici del Seminario. - In [rubrica].$w()323626 774 0 $tCongregazioni Mariane. - In [rubrica].$w()323627 774 0 $tDiplomato che sorrideva". Il cardinale Angelo Dell'Acqua (1903-1972). - In [rubrica].$w()323628 774 0 $tCasa sant' Angelo. - In [rubrica].$w()323629 774 0 $tCi hanno lasciati: Don Giuseppe Poretti (1931-2000) ; Don Attilio Perego (1931-2000) ; Don Giuseppe Sisti (1912-2000). - In [rubrica].$w()323630 774 0 $tAvete fatto a me... Borse di studio. Pastorale vocazionale. - In [rubrica].$w()325338 996 $6245$a[GENNAIO 2001]. - 32 p.$9(OLS)http://semarc/title/364664 LEADER 01257nam a2200301 i 4500 001 000000181741 003 CaOOAMICUS 005 20090918000000.0 008 090918s2006 it u000 u ita u 013 $a159646 020 $a88-10-10839-6 040 $aSeMil$bita 100 1 $aMazzolari, Primo,$d<1890-1959>.$0(OLS)http://semarc/name/3525 245 10$aDiscorsi /$cPrimo Mazzolari ; edizione critica a cura di Paolo Trionfini. 260 $aBologna :$bEDB,$c2006. 300 $a808 p. ;$c24 cm. 490 0 $aDon Primo Mazzolari [Edizione critica] [EDB] 500 $aDono del Card. Dionigi Tettamanzi. 650 4$aMazzolari, Primo - Scritti e discorsi.$0(OLS)http://semarc/subject/12571 700 1 $aTrionfini, Paolo,$d<1967- >.$0(OLS)http://semarc/name/30204 830 0$aDon Primo Mazzolari [Edizione critica].$0(OLS)http://semarc/title/26499 850 $aSeMil 852 $aSeMil$W1$xVenegono$y1$m3F VI 551$j222097$B132445$CSeMilBibl$Z2$F144467 $81 941 1 $a5 961 $aOmaggio: Tettamanzi Card. Dionigi 996 $6020$a88-10-10839-6$9(OLS)http://semarc/number/171260 996 $6245$aDiscorsi$9(OLS)http://semarc/title/33653 996 $6260$aBologna :$bEDB$9(OLS)http://semarc/publisher/29669